| 000 | 00000nam##2200000za#4500 |
| 001 | 9.576018 |
| 003 | CaOODSP |
| 005 | 20210624184937 |
| 007 | cr ||||||||||| |
| 008 | 150406|1990||||xxc|||||o f|0| 0 eng|d |
| 040 | |aCaOODSP|beng |
| 043 | |an-cn--- |
| 086 | 1 |aCS98-122/1990E-PDF |
| 245 | 00|aCanada's north, a profile / |h[electronic resource]|cby Alan M. Maslove and David C. Hawkes. |
| 260 | |aOttawa - Ontario : |bStatistics Canada |c1990. |
| 490 | 1 |aFocus on Canada|v98-122 |
| 590 | |a13-07-Supp|b2013-03-25 |
| 690 | 07|aCensus data|2gcpds |
| 690 | 07|aNorthern Canada|2gcpds |
| 710 | 2 |aStatistics Canada. |
| 775 | 08|tNord du Canada - un profil / |w(CaOODSP)9.605383 |
| 830 | #0|aFocus on Canada ;|v98-122|w(CaOODSP)9.507430 |
| 856 | 40|ahttp://publications.gc.ca|qPDF|s1.5 MB|uhttps://publications.gc.ca/collections/collection_2013/statcan/rh-hc/CS98-122-1990-eng.pdf|y98-122 |